[Event "POR-ch U14/20"]
[Site "Fatima"]
[Date "2022.04.12"]
[Round "5"]
[White "Rodrigues, Guilherme Eufrasio"]
[Black "Lanca, Luis"]
[Result "0-1"]
[WhiteElo "1171"]
[BlackElo "1316"]
[PlyCount "138"]
[EventDate "2022.04.10"]
[EventType "swiss"]
[EventRounds "9"]
[EventCountry "POR"]
[SourceTitle "EXT 2023"]
[Source "ChessBase"]
[SourceDate "2022.10.05"]
[SourceVersion "1"]
[SourceVersionDate "2022.10.05"]
[SourceQuality "1"]

1. c4 e5 2. g3 Nf6 3. Nc3 g6 4. Bg2 Bg7 5. Nf3 Nc6 6. d3 d6 7. 0-0 0-0 8. Rb1 Re8 9. Nd2 Nd4 10. e3 Nf5 11. b4 c6 12. a4 Qc7 13. b5 Be6 14. bxc6 bxc6 15. Nde4 Nxe4 16. Nxe4 h6 17. Ba3 Bf8 18. Nf6+ Kg7 19. Nxe8+ Rxe8 20. Qd2 c5 21. Rb7 Qd8 22. Rfb1 Qg5 23. f4 exf4 24. Bb2+ Kg8 25. Qc3 Bg7 26. exf4 Qg4 27. Qe1 Bd7 28. Qd1 Qxd1+ 29. Rxd1 Bxa4 30. Ra1 Bc2 31. Bxg7 Kxg7 32. Bd5 Ne7 33. Be4 Ng8 34. Raxa7 Rf8 35. h4 h5 36. Bd5 Nh6 37. Rd7 Bxd3 38. Rxd6 Nf5 39. Rdd7 Nh6 40. Rac7 Bf5 41. Re7 Kf6 42. Kf1 Bd3+ 43. Ke1 Bf5 44. Kd2 Bb1 45. Kc1 Bf5 46. Kb2 Rb8+ 47. Ka3 Rf8 48. Ka4 Be6 49. Bxe6 fxe6 50. Rb7 Nf5 51. Rec7 Ra8+ 52. Ra7 Rxa7+ 53. Rxa7 Nxg3 54. Kb5 Ne4 55. Ra1 Kf5 56. Re1 Kxf4 57. Rxe4+ Kxe4 58. Kxc5 Kf4 59. Kd6 e5 60. c5 e4 61. c6 e3 62. c7 e2 63. c8Q e1Q 64. Qf8+ Kg3 65. Qb8 Kxh4 66. Qd8+ g5 67. Kc5 Qe3+ 68. Kc4 Kg3 69. Qf8 Qf4+ 0-1

[Event "POR-ch U16"]
[Site "Luso"]
[Date "2017.04.09"]
[Round "2"]
[White "Lanca, Luis"]
[Black "Monteiro, Paulo Alexandre G"]
[Result "0-1"]
[WhiteElo "1142"]
[BlackElo "1404"]
[PlyCount "138"]
[EventDate "2017.04.08"]
[EventType "swiss"]
[EventRounds "7"]
[EventCountry "POR"]
[SourceTitle "EXT 2018"]
[Source "ChessBase"]
[SourceDate "2017.10.13"]
[SourceVersion "1"]
[SourceVersionDate "2017.10.13"]
[SourceQuality "1"]

1. e4 c5 2. Nc3 Nc6 3. g3 g6 4. Bg2 Bg7 5. d3 e6 6. f4 d6 7. Nf3 Nge7 8. 0-0 0-0 9. Be3 Nd4 10. Qd2 Rb8 11. Rab1 Nec6 12. Ne2 b5 13. c3 Nxe2+ 14. Qxe2 b4 15. Qd2 Qa5 16. d4 Ba6 17. cxb4 Qxb4 18. Qxb4 Rxb4 19. Rfc1 Nxd4 20. Nxd4 Bxd4 21. Bxd4 Rxd4 22. Ra1 Rb8 23. b3 Rc8 24. Rd1 Rxd1+ 25. Rxd1 Rd8 26. e5 d5 27. Rc1 Rc8 28. Rd1 Kf8 29. Kf2 Ke7 30. a3 Rb8 31. Rb1 Kd7 32. b4 Bc8 33. b5 a6 34. Bf1 c4 35. a4 axb5 36. axb5 Ba6 37. b6 Kc6 38. Ke3 Rxb6 39. Ra1 Kc5 40. Ra5+ Kb4 41. Ra1 Rc6 42. Kd4 Kb3 43. h3 Kb4 44. Ke3 Kc5 45. Ra5+ Kb6 46. Ra1 Rc5 47. Kd4 Ra5 48. Rb1+ Rb5 49. Ra1 Rb3 50. g4 Rf3 51. f5 gxf5 52. gxf5 Rxf5 53. Rb1+ Bb5 54. Ke3 Rxe5+ 55. Kd2 Kc5 56. Kc3 d4+ 57. Kc2 Rf5 58. h4 Rf2+ 59. Kc1 Rxf1+ 60. Kb2 Rxb1+ 61. Kxb1 c3 62. Kc2 Kc4 63. h5 d3+ 64. Kd1 d2 65. h6 Ba4+ 66. Ke2 d1Q+ 67. Ke3 Qd2+ 68. Ke4 Qd3+ 69. Ke5 Qd4# 0-1

[Event "POR-ch U14"]
[Site "Luso"]
[Date "2016.07.24"]
[Round "7"]
[White "Lanca, Luis"]
[Black "Monteiro, Tomas Alexandre"]
[Result "0-1"]
[WhiteElo "1060"]
[BlackElo "1203"]
[PlyCount "144"]
[EventDate "2016.07.20"]
[EventType "swiss"]
[EventRounds "7"]
[EventCountry "POR"]
[SourceTitle "EXT 2018"]
[Source "ChessBase"]
[SourceDate "2017.10.13"]
[SourceVersion "1"]
[SourceVersionDate "2017.10.13"]
[SourceQuality "1"]

1. e4 e5 2. Nf3 Nc6 3. Bb5 a6 4. Bxc6 dxc6 5. d3 f6 6. Be3 Bg4 7. h3 Bh5 8. Nbd2 Bf7 9. Rc1 c5 10. Nf1 Qd7 11. Ng3 0-0-0 12. 0-0 g5 13. Nh2 h5 14. f3 h4 15. Ne2 Be6 16. Ng4 Be7 17. Qd2 Nh6 18. Qc3 b6 19. a3 Nxg4 20. fxg4 Rhf8 21. Rfd1 Qb5 22. Ra1 Rd7 23. a4 Qb4 24. Qxb4 cxb4 25. b3 Rfd8 26. a5 b5 27. Rd2 c5 28. Rad1 Bf7 29. Rc1 Kb7 30. g3 Rh8 31. Rdd1 hxg3 32. Kg2 Rh7 33. Nxg3 Rd8 34. Nf5 Bf8 35. c3 Bxb3 36. Rh1 Rxd3 37. cxb4 c4 38. Kf2 Bxb4 39. h4 gxh4 40. Rxh4 Rdd7 41. g5 Rxh4 42. Nxh4 fxg5 43. Bxg5 Ba3 44. Rg1 c3 45. Nf3 c2 46. Nxe5 Rd1 47. Rg3 Bc5+ 48. Ke2 Ba4 49. Nd3 Ba7 50. e5 Rg1 51. Rxg1 Bxg1 52. e6 Kc8 53. Ne5 Bc5 54. Kd2 Bb4+ 55. Ke2 Ba3 56. e7 Bxe7 57. Bd2 Ba3 58. Nd3 b4 59. Nc5 Bb5+ 60. Ke3 c1Q 61. Bxc1 Bxc1+ 62. Ke4 Kc7 63. Nxa6+ Bxa6 64. Kd4 Ba3 65. Ke3 Kc6 66. Kd2 Kb5 67. Kc2 Kxa5 68. Kb1 Ka4 69. Ka2 Bc4+ 70. Kb1 Kb3 71. Ka1 Bb2+ 72. Kb1 Bd3# 0-1

[Event "POR-ch U14"]
[Site "Luso"]
[Date "2016.07.23"]
[Round "6"]
[White "Marques, Ricardo Martinho"]
[Black "Lanca, Luis"]
[Result "0-1"]
[WhiteElo "1282"]
[BlackElo "1060"]
[PlyCount "145"]
[EventDate "2016.07.20"]
[EventType "swiss"]
[EventRounds "7"]
[EventCountry "POR"]
[SourceTitle "EXT 2018"]
[Source "ChessBase"]
[SourceDate "2017.10.13"]
[SourceVersion "1"]
[SourceVersionDate "2017.10.13"]
[SourceQuality "1"]

1. d4 d5 2. c4 Nc6 3. Nc3 dxc4 4. e3 Bf5 5. Bxc4 Nf6 6. a3 e6 7. Nf3 Bd6 8. 0-0 Bg4 9. h3 Bh5 10. Re1 0-0 11. b4 e5 12. d5 Ne7 13. e4 h6 14. Qd3 Ng6 15. g4 Nf4 16. Bxf4 exf4 17. gxh5 Nxh5 18. e5 Be7 19. Qe4 f5 20. exf6 Bxf6 21. d6+ Kh8 22. Bd3 Kg8 23. Qe6+ Kh8 24. Qf5 Kg8 25. Rac1 Bxc3 26. Qxh5 Bxe1 27. Rxe1 Qxd6 28. Bc4+ Kh8 29. Ng5 Qf6 30. Nf7+ Kh7 31. Bd3+ g6 32. Qxh6+ Kg8 33. Bxg6 Rxf7 34. Bxf7+ Qxf7 35. Qg5+ Qg7 36. Qxg7+ Kxg7 37. Re7+ Kf6 38. Rxc7 b6 39. Kg2 Kg5 40. Kf3 Rd8 41. Rxa7 Rd3+ 42. Kg2 f3+ 43. Kg3 Kf5 44. a4 Rd4 45. a5 bxa5 46. Rxa5+ Ke6 47. b5 Rd6 48. Kxf3 Ke5 49. h4 Rf6+ 50. Kg3 Kd6 51. b6 Kc6 52. Ra1 Kxb6 53. Rb1+ Kc7 54. Rc1+ Kd7 55. Rd1+ Ke7 56. Re1+ Kf7 57. Re4 Rg6+ 58. Kf3 Rh6 59. Kg4 Rg6+ 60. Kh5 Rf6 61. f4 Kg7 62. Kg5 Rg6+ 63. Kf5 Rf6+ 64. Kg4 Rg6+ 65. Kf3 Kh6 66. f5 Rg1 67. Rf4 Rf1+ 68. Kg4 Rg1+ 69. Kf3 Rf1+ 70. Kg2 Rxf4 71. Kg3 Rxf5 72. Kg4 Rh5 73. Kg3 0-1

[Event "POR-ch U14"]
[Site "Luso"]
[Date "2015.07.26"]
[Round "7"]
[White "Rodrigues, Pedro Serpa Barata"]
[Black "Lanca, Luis"]
[Result "1-0"]
[WhiteElo "1327"]
[BlackElo "1068"]
[PlyCount "91"]
[EventDate "2015.07.22"]
[EventType "swiss"]
[EventRounds "7"]
[EventCountry "POR"]
[SourceTitle "EXT 2018"]
[Source "ChessBase"]
[SourceDate "2017.10.13"]
[SourceVersion "1"]
[SourceVersionDate "2017.10.13"]
[SourceQuality "1"]

1. e4 e5 2. Nf3 Nc6 3. d4 d6 4. dxe5 dxe5 5. Qxd8+ Nxd8 6. Nxe5 Nf6 7. Bg5 Be7 8. Nc3 h6 9. Bd2 Bd6 10. Nc4 Nc6 11. Nxd6+ cxd6 12. 0-0-0 0-0 13. Bf4 Rd8 14. Rxd6 Rxd6 15. Bxd6 Be6 16. Bb5 Nb4 17. Bxb4 Rd8 18. Rd1 Rc8 19. Be7 Kh7 20. Bxf6 gxf6 21. Bd7 Rc5 22. Bxe6 fxe6 23. Rd6 Rg5 24. g3 f5 25. f4 Rg8 26. Rxe6 fxe4 27. Nxe4 Kh8 28. Rxh6+ Kg7 29. Rh5 Kf7 30. Rh7+ Ke6 31. Kd2 Rd8+ 32. Ke3 Kd5 33. Rd7+ Rxd7 34. Nf6+ Ke6 35. Nxd7 Kxd7 36. Ke4 Ke6 37. g4 b6 38. g5 Kf7 39. f5 Kg7 40. Ke5 a6 41. Ke6 Kf8 42. f6 b5 43. f7 a5 44. Kf6 b4 45. g6 b3 46. g7# 1-0